[Event "41. Torneo de Ajedrez Villa de Mislata"]
[Site "Mislata ESP"]
[Date "2007.08.30"]
[Round "9.6"]
[White "Picazo Lopez, Juan Antonio"]
[Black "Alonso Moyano, Jonathan"]
[Result "0-1"]
[WhiteElo "2198"]
[BlackElo "2372"]
[PlyCount "86"]
[EventDate "2007.08.23"]
[EventType "swiss"]
[EventRounds "9"]
[EventCountry "ESP"]
[Source "lmi"]
[SourceDate "2007.08.23"]

1. d4 f5 2. g3 Nf6 3. Bg2 g6 4. Nh3 Bg7 5. O-O O-O 6. c3 c6 7. Nd2 Qe8 8. e4
fxe4 9. Nxe4 Nxe4 10. Bxe4 d5 11. Bg2 e5 12. dxe5 Qxe5 13. f4 Qc7 14. Be3 Nd7
15. Ng5 Nf6 16. Bd4 Bg4 17. Bf3 Bd7 18. Bg2 Rfe8 19. Kh1 Bg4 20. Bf3 Qd7 21.
Bxg4 Qxg4 22. Nf3 Re4 23. Ne5 Qxd1 24. Raxd1 Re2 25. Rf2 Rxf2 26. Bxf2 Ne4 27.
Nd3 b6 28. Kg2 c5 29. Bg1 Rd8 30. Kf3 Nd6 31. Ne1 Ne4 32. Nd3 Kf7 33. g4 a5 34.
b4 Bxc3 35. bxc5 b5 36. Bf2 b4 37. Be1 a4 38. Bf2 Ke6 39. Bh4 Rc8 40. Bf2 Kd7
41. h4 Nd2+ 42. Kg2 Ne4 43. Bg3 Nxc5 0-1

[Event "41. Torneo de Ajedrez Villa de Mislata"]
[Site "Mislata ESP"]
[Date "2007.08.30"]
[Round "9.7"]
[White "Kovacevic, Slobodan"]
[Black "Garcia Ramos, Javier"]
[Result "0-1"]
[WhiteElo "2364"]
[BlackElo "2242"]
[PlyCount "68"]
[EventDate "2007.08.23"]
[EventType "swiss"]
[EventRounds "9"]
[EventCountry "ESP"]
[Source "lmi"]
[SourceDate "2007.08.23"]

1. d4 d5 2. Bf4 Nf6 3. e3 Bg4 4. Nf3 e6 5. Be2 c5 6. c3 Qb6 7. Qb3 c4 8. Qc2
Nc6 9. Nbd2 Bf5 10. Qc1 h6 11. h3 Be7 12. Bd1 Ne4 13. O-O g5 14. Bh2 h5 15.
Nxe4 Bxe4 16. Nd2 Bd3 17. Re1 f5 18. Bc2 g4 19. hxg4 hxg4 20. Bxd3 cxd3 21. Qb1
e5 22. dxe5 Rxh2 23. Kxh2 Nxe5 24. Rh1 g3+ 25. Kxg3 Bd6 26. Nf1 O-O-O 27. f4
Rg8+ 28. Kf2 Ng4+ 29. Kf3 d4 30. Qxd3 Qc6+ 31. e4 fxe4+ 32. Qxe4 Ne5+ 33. fxe5
Rf8+ 34. Kg3 Qxe4 0-1

[Event "41. Torneo de Ajedrez Villa de Mislata"]
[Site "Mislata ESP"]
[Date "2007.08.30"]
[Round "9.8"]
[White "Berrocal Farina, Jorge"]
[Black "Garcia Vazquez, Jhoel"]
[Result "0-1"]
[WhiteElo "2353"]
[BlackElo "2229"]
[PlyCount "78"]
[EventDate "2007.08.23"]
[EventType "swiss"]
[EventRounds "9"]
[EventCountry "ESP"]
[Source "lmi"]
[SourceDate "2007.08.23"]

1. e4 c5 2. Nf3 d6 3. d4 cxd4 4. Qxd4 Nf6 5. Bg5 e6 6. Nc3 Nc6 7. Bb5 Bd7 8.
Bxc6 Bxc6 9. O-O-O Be7 10. Rhe1 O-O 11. Qd2 Qa5 12. Kb1 Kh8 13. Nd4 Rfc8 14. f4
h6 15. h4 b5 16. e5 b4 17. Nce2 dxe5 18. Nxc6 Rxc6 19. fxe5 hxg5 20. exf6 Bxf6
21. hxg5 Ra6 22. Rh1+ Kg8 23. a3 Bxg5 24. Qxb4 Qe5 25. Nd4 Rb8 26. Qc3 Rab6 27.
b3 Bf6 28. Qh3 g6 29. Qh7+ Kf8 30. Rhe1 Qg3 31. Rf1 Rxb3+ 32. cxb3 Rxb3+ 33.
Ka2 Rxa3+ 34. Kb1 Qb8+ 35. Kc2 Qc7+ 36. Kb1 Qb6+ 37. Kc1 Bg5+ 38. Kc2 Qc5+ 39.
Kb2 Qc3+ 0-1

[Event "41. Torneo de Ajedrez Villa de Mislata"]
[Site "Mislata ESP"]
[Date "2007.08.30"]
[Round "9.9"]
[White "Cabrera Pino, Alexis"]
[Black "Gonzalez Aguirre, Luis"]
[Result "1-0"]
[WhiteElo "2514"]
[BlackElo "2169"]
[PlyCount "75"]
[EventDate "2007.08.23"]
[EventType "swiss"]
[EventRounds "9"]
[EventCountry "ESP"]
[Source "lmi"]
[SourceDate "2007.08.23"]

1. e4 d5 2. exd5 Nf6 3. Bb5+ Bd7 4. Be2 Nxd5 5. d4 Bf5 6. a3 e6 7. c4 Nb6 8.
Nc3 Be7 9. Be3 O-O 10. Nf3 Nc6 11. h3 Qd7 12. b4 Bf6 13. Ra2 e5 14. d5 e4 15.
Nd4 Ne5 16. Qb3 Rad8 17. Rd2 Bg6 18. O-O Qe7 19. c5 Nc8 20. d6 cxd6 21. Nd5 Qe8
22. Bb5 Nc6 23. Nxf6+ gxf6 24. Bxc6 bxc6 25. cxd6 Qd7 26. Bh6 Rfe8 27. Qc3 Nxd6
28. Nxc6 Qc7 29. Qxf6 Nf5 30. Rxd8 Rxd8 31. Qxd8+ Qxd8 32. Nxd8 Nxh6 33. Nc6 a6
34. Ne7+ Kf8 35. Nxg6+ hxg6 36. Rc1 Nf5 37. Rc6 e3 38. fxe3 1-0

[Event "41. Torneo de Ajedrez Villa de Mislata"]
[Site "Mislata ESP"]
[Date "2007.08.30"]
[Round "9.10"]
[White "Plaza Pardo, Daniel"]
[Black "Camarena Gimenez, Rufino"]
[Result "0-1"]
[WhiteElo "2174"]
[BlackElo "2332"]
[PlyCount "98"]
[EventDate "2007.08.23"]
[EventType "swiss"]
[EventRounds "9"]
[EventCountry "ESP"]
[Source "lmi"]
[SourceDate "2007.08.23"]

1. e4 e6 2. d4 d5 3. Nd2 Nf6 4. e5 Nfd7 5. Bd3 c5 6. c3 Nc6 7. Ne2 cxd4 8. cxd4
f6 9. exf6 Nxf6 10. Nf3 Qc7 11. O-O Bd6 12. Bg5 O-O 13. Rc1 Bd7 14. Ng3 Rf7 15.
b4 a6 16. Qd2 Ng4 17. a4 Qb6 18. b5 axb5 19. Bxb5 Raf8 20. Bxc6 Bxc6 21. Ra1 e5
22. a5 Qa7 23. dxe5 Nxe5 24. Nd4 Nc4 25. Qc3 Be5 26. Nge2 Qc5 27. Bh4 Rf4 28.
Nxf4 Rxf4 29. Ne6 Bxc3 30. Nxc5 Rxh4 31. Ra2 Bxa5 32. Rb1 b6 33. g3 Rh6 34. Nb3
Rf6 35. Nd4 h6 36. Rd1 Bd7 37. Re2 Bb4 38. Rb1 Bc5 39. Nb5 Bxb5 40. Rxb5 d4 41.
Rb3 Rd6 42. Rd3 b5 43. Re8+ Kf7 44. Rb8 Ne5 45. Rd1 b4 46. Rb5 Rd5 47. Kf1 d3
48. h3 Nc4 49. Ke1 d2+ 0-1

[Event "41. Torneo de Ajedrez Villa de Mislata"]
[Site "Mislata ESP"]
[Date "2007.08.30"]
[Round "9.11"]
[White "Peña Riascos, Alexander"]
[Black "Moreto Quintana, Alex"]
[Result "1/2-1/2"]
[WhiteElo "2296"]
[BlackElo "2153"]
[PlyCount "128"]
[EventDate "2007.08.23"]
[EventType "swiss"]
[EventRounds "9"]
[EventCountry "ESP"]
[Source "lmi"]
[SourceDate "2007.08.23"]

1. d4 Nf6 2. c4 c5 3. d5 b5 4. f3 bxc4 5. e4 e6 6. Nc3 Ba6 7. Nh3 Qb6 8. Be2
Be7 9. O-O O-O 10. f4 Bb7 11. Bxc4 exd5 12. Nxd5 Nxd5 13. Bxd5 Nc6 14. Nf2 Ba6
15. Re1 Rab8 16. e5 c4 17. Be3 Bc5 18. Bxc5 Qxc5 19. Qd2 Rb6 20. Kh1 Nb4 21.
Be4 d5 22. Bf5 Bb7 23. Bh3 d4 24. Rec1 Nd5 25. Ne4 Qb4 26. Qxd4 Nxf4 27. Nf6+
Rxf6 28. exf6 Nxh3 29. Rxc4 Qb6 30. Qxb6 axb6 31. fxg7 Re8 32. Rc2 Kxg7 33. a4
Re6 34. b4 Rg6 35. Ra3 Rf6 36. Ra1 Rg6 37. a5 bxa5 38. bxa5 Nf4 39. Raa2 Re6
40. h3 Nxh3 41. a6 Rxa6 42. Rxa6 Bxa6 43. gxh3 Bd3 44. Rc5 Bg6 45. Kg2 h5 46.
Kg3 Kf6 47. Kf4 Kg7 48. Ke5 Bd3 49. Kd6 Kg6 50. h4 Be2 51. Rg5+ Kf6 52. Rg2 Bg4
53. Rf2+ Kg6 54. Ke5 Bd1 55. Rf5 Kg7 56. Rg5+ Kh6 57. Kf6 Bb3 58. Rg8 Kh7 59.
Rf8 Be6 60. Rb8 Bc4 61. Rc8 Be6 62. Rb8 Bc4 63. Rb4 Be6 64. Rb8 Bc4 1/2-1/2

[Event "41. Torneo de Ajedrez Villa de Mislata"]
[Site "Mislata ESP"]
[Date "2007.08.30"]
[Round "9.12"]
[White "Asensio Liñan, Teodoro"]
[Black "Gomez Peco, Pablo"]
[Result "1-0"]
[WhiteElo "2276"]
[BlackElo "2166"]
[PlyCount "77"]
[EventDate "2007.08.23"]
[EventType "swiss"]
[EventRounds "9"]
[EventCountry "ESP"]
[Source "lmi"]
[SourceDate "2007.08.23"]

1. e4 c6 2. d4 d5 3. e5 Bf5 4. Nf3 e6 5. Be2 Nd7 6. O-O Ne7 7. c4 dxc4 8. Bxc4
Nb6 9. Bd3 Bxd3 10. Qxd3 Ned5 11. Nc3 Nxc3 12. bxc3 Qd5 13. a4 Nc4 14. Ng5 h6
15. Nh3 Nxe5 16. Qb1 Ng6 17. Qxb7 c5 18. Qb5+ Qd7 19. Be3 a6 20. Qb6 Bd6 21.
Rfd1 Bc7 22. Qxc5 Bd6 23. Qh5 Ne7 24. Qg4 Nf5 25. Bf4 O-O 26. d5 Rfd8 27. Bxd6
Nxd6 28. Qh5 Nc4 29. Nf4 exd5 30. Nxd5 Qd6 31. Qe2 Qc5 32. Qh5 Kf8 33. Qf3 Ne5
34. Qe4 Ng6 35. a5 Rac8 36. Nb6 Rxd1+ 37. Rxd1 Qxc3 38. Nxc8 Qxc8 39. Qd4 1-0

[Event "41. Torneo de Ajedrez Villa de Mislata"]
[Site "Mislata ESP"]
[Date "2007.08.30"]
[Round "9.13"]
[White "Gabarro Sole, Ramon"]
[Black "Sanchez Romero, Miguel Angel"]
[Result "0-1"]
[WhiteElo "2113"]
[BlackElo "2261"]
[PlyCount "88"]
[EventDate "2007.08.23"]
[EventType "swiss"]
[EventRounds "9"]
[EventCountry "ESP"]
[Source "lmi"]
[SourceDate "2007.08.23"]

1. e4 e5 2. Nf3 Nc6 3. Nc3 Nf6 4. d4 exd4 5. Nd5 Nb4 6. Nxf6+ Qxf6 7. Bc4 Bc5
8. e5 Qg6 9. O-O Qxc2 10. Bxf7+ Kxf7 11. Ng5+ Ke8 12. Qf3 Qg6 13. Bd2 Rf8 14.
Qb3 Qd3 15. Qd1 Be7 16. Qc1 h6 17. Bxb4 Bxb4 18. Nf3 Qe4 19. Qc4 Ba5 20. e6 Rf5
21. b4 b5 22. exd7+ Kxd7 23. Qg8 Rg5 24. Qf7+ Qe7 25. Nxg5 Qxf7 26. Nxf7 Bxb4
27. Ne5+ Kd6 28. Rab1 Bc3 29. Nd3 c5 30. Rfd1 b4 31. f4 Be6 32. Nc1 a5 33. Ne2
Bxa2 34. Nxc3 bxc3 35. Rbc1 Bb3 36. Rd3 Kd5 37. Rcxc3 c4 38. Rd2 a4 39. Re3 d3
40. Kf2 a3 41. Re1 a2 42. Ra1 Kd4 43. Ke1 c3 44. Rf2 Re8+ 0-1

[Event "41. Torneo de Ajedrez Villa de Mislata"]
[Site "Mislata ESP"]
[Date "2007.08.30"]
[Round "9.14"]
[White "Astasio Lopez, David"]
[Black "Engo Pardo, Javier"]
[Result "1-0"]
[WhiteElo "2176"]
[BlackElo "2072"]
[PlyCount "105"]
[EventDate "2007.08.23"]
[EventType "swiss"]
[EventRounds "9"]
[EventCountry "ESP"]
[Source "lmi"]
[SourceDate "2007.08.23"]

1. d4 Nf6 2. Nf3 g6 3. Nbd2 Bg7 4. e4 d6 5. Bc4 O-O 6. O-O c6 7. Re1 d5 8. exd5
cxd5 9. Bd3 Bg4 10. h3 Bxf3 11. Nxf3 Nc6 12. c3 Qc7 13. Bg5 e6 14. Qd2 Rae8 15.
Bf4 Qb6 16. Bd6 Nxd4 17. Bxf8 Nxf3+ 18. gxf3 Rxf8 19. Rad1 Rc8 20. b3 Bf8 21.
Qg5 Nh5 22. c4 Bd6 23. Qe3 Bc5 24. Qd2 Bb4 25. Qg5 Bxe1 26. Rxe1 dxc4 27. Bxc4
Qc5 28. Re5 Qd4 29. Re4 Qf6 30. Qe3 Ng7 31. Qxa7 Qxf3 32. Qxb7 Rd8 33. Be2 Qf6
34. Rc4 Nf5 35. Rc8 Qg5+ 36. Kf1 Kg7 37. Rxd8 Qxd8 38. Qb4 Qd5 39. Kg1 Nd4 40.
Qc3 e5 41. Qe3 f5 42. Bc4 Qc5 43. a4 Kf6 44. h4 f4 45. Qe4 Qa3 46. Qd5 Qc1+ 47.
Kh2 Kf5 48. Qd7+ Ke4 49. Qd5+ Kf5 50. f3 Qd2+ 51. Kh3 Nxf3 52. Bd3+ Kf6 53.
Qxf3 1-0

[Event "41. Torneo de Ajedrez Villa de Mislata"]
[Site "Mislata ESP"]
[Date "2007.08.30"]
[Round "9.15"]
[White "Mellado Triviño, Joan"]
[Black "Penades Ordaz, Victor"]
[Result "1-0"]
[WhiteElo "2389"]
[BlackElo "2157"]
[PlyCount "59"]
[EventDate "2007.08.23"]
[EventType "swiss"]
[EventRounds "9"]
[EventCountry "ESP"]
[Source "lmi"]
[SourceDate "2007.08.23"]

1. e4 c5 2. Nf3 Nc6 3. d4 cxd4 4. Nxd4 g6 5. Nc3 Bg7 6. Be3 Nf6 7. Nxc6 bxc6 8.
e5 Nd5 9. Nxd5 cxd5 10. Qxd5 Rb8 11. Bc4 O-O 12. O-O-O d6 13. Bxa7 Be6 14. Qd3
Bxc4 15. Qxc4 Rc8 16. Qb3 Qa5 17. Bb6 Qxe5 18. a4 Qg5+ 19. Kb1 Qxg2 20. a5 Qa8
21. h4 h5 22. Rhg1 Qe4 23. Rde1 Qxh4 24. Rxg6 Qc4 25. Qxc4 Rxc4 26. Rg5 f6 27.
Rxh5 Kf7 28. Rg1 e5 29. Rh7 Rg8 30. Be3 1-0

[Event "41. Torneo de Ajedrez Villa de Mislata"]
[Site "Mislata ESP"]
[Date "2007.08.30"]
[Round "9.16"]
[White "Villa Izquierdo, Robert"]
[Black "Castella Garcia, Fausto"]
[Result "0-1"]
[WhiteElo "2152"]
[BlackElo "2381"]
[PlyCount "106"]
[EventDate "2007.08.23"]
[EventType "swiss"]
[EventRounds "9"]
[EventCountry "ESP"]
[Source "lmi"]
[SourceDate "2007.08.23"]

1. d4 Nf6 2. Nf3 g6 3. g3 Bg7 4. c4 c5 5. Nc3 cxd4 6. Nxd4 Nc6 7. Nc2 d6 8. e4
O-O 9. Bg2 Ne5 10. Ne3 Be6 11. Ncd5 Nxd5 12. exd5 Bd7 13. f4 Qa5+ 14. Kf2 Ba4
15. Qe2 Nd7 16. Rb1 Nf6 17. Bf3 Bd7 18. b4 Qc7 19. Bb2 b5 20. cxb5 Qb6 21. a4
a5 22. Kg2 axb4 23. Ra1 Rfc8 24. Rhd1 Qb7 25. g4 h5 26. h3 hxg4 27. hxg4 Rc7
28. Kg3 Rac8 29. Bd4 Nh7 30. Bxg7 Kxg7 31. Rh1 Rh8 32. Qb2+ f6 33. Qxb4 Qb6 34.
Rhe1 Rhc8 35. Rab1 Rc3 36. a5 Qd8 37. b6 R3c5 38. Qd2 Bb5 39. Be2 Bxe2 40. Rxe2
Ra8 41. b7 Rb8 42. a6 Ra5 43. Qd3 Nf8 44. Ree1 Nd7 45. Ra1 Nc5 46. Qc4 Nxa6 47.
Qc3 Rxa1 48. Qxa1 Nc5 49. g5 Rxb7 50. f5 Ne4+ 51. Kf4 Nxg5 52. fxg6 Qe8 53. Rh1
Rb4+ 0-1

[Event "41. Torneo de Ajedrez Villa de Mislata"]
[Site "Mislata ESP"]
[Date "2007.08.30"]
[Round "9.17"]
[White "Sospedra Sebastian, Juan"]
[Black "Crecente Penalva, Jose Manuel"]
[Result "1-0"]
[WhiteElo "2303"]
[BlackElo "2140"]
[PlyCount "89"]
[EventDate "2007.08.23"]
[EventType "swiss"]
[EventRounds "9"]
[EventCountry "ESP"]
[Source "lmi"]
[SourceDate "2007.08.23"]

1. d4 Nf6 2. c4 e6 3. Nc3 Bb4 4. Qc2 O-O 5. Nf3 b6 6. a3 Bxc3+ 7. Qxc3 Bb7 8.
Bg5 d6 9. e3 Nbd7 10. Be2 c5 11. O-O Ne4 12. Bxd8 Nxc3 13. bxc3 Rfxd8 14. a4
Kf8 15. a5 Ke7 16. Nd2 Rdb8 17. Rfb1 bxa5 18. Rxa5 Bc6 19. Rba1 Rb2 20. R1a2
Rxa2 21. Rxa2 Rb8 22. f3 Rb6 23. Kf2 a6 24. e4 Kd8 25. f4 Kc7 26. d5 Bb7 27.
Ke3 Nf8 28. g3 f5 29. dxe6 Nxe6 30. exf5 Nd8 31. g4 Kd7 32. Bd3 Nf7 33. g5 Ke7
34. h4 h6 35. Ra1 d5 36. f6+ Kf8 37. fxg7+ Kxg7 38. cxd5 Bxd5 39. Rxa6 Rxa6 40.
Bxa6 Nd6 41. Bd3 Be6 42. Nf1 Nf5+ 43. Bxf5 Bxf5 44. Ng3 Bc2 45. f5 1-0

[Event "41. Torneo de Ajedrez Villa de Mislata"]
[Site "Mislata ESP"]
[Date "2007.08.30"]
[Round "9.18"]
[White "Vega Gutierrez, Belinda"]
[Black "Torres Sanchez, Jose"]
[Result "1/2-1/2"]
[WhiteElo "2098"]
[BlackElo "2292"]
[PlyCount "46"]
[EventDate "2007.08.23"]
[EventType "swiss"]
[EventRounds "9"]
[EventCountry "ESP"]
[Source "lmi"]
[SourceDate "2007.08.23"]

1. e4 c5 2. Nf3 e6 3. d4 cxd4 4. Nxd4 a6 5. Be2 Nf6 6. Nc3 Bb4 7. O-O Bxc3 8.
bxc3 Nxe4 9. Qd3 Nc5 10. Qg3 O-O 11. Ba3 d6 12. Rfd1 Qe7 13. Nb3 e5 14. Nxc5
dxc5 15. Rd5 Re8 16. Bxc5 Qf6 17. Rb1 Nc6 18. Rd6 Qf5 19. Qd3 Qg5 20. Qg3 Qf5
21. Qd3 Qg5 22. Qg3 Qf5 23. Qd3 Qg5 1/2-1/2

[Event "41. Torneo de Ajedrez Villa de Mislata"]
[Site "Mislata ESP"]
[Date "2007.08.30"]
[Round "9.19"]
[White "Buenafe Moya, Javier"]
[Black "Megias Chafer, Alejandro"]
[Result "1/2-1/2"]
[WhiteElo "2264"]
[BlackElo "2123"]
[PlyCount "135"]
[EventDate "2007.08.23"]
[EventType "swiss"]
[EventRounds "9"]
[EventCountry "ESP"]
[Source "lmi"]
[SourceDate "2007.08.23"]

1. c4 Nf6 2. g3 c6 3. Bg2 d5 4. Nf3 Bf5 5. Qb3 Qb6 6. O-O e6 7. Nc3 Nbd7 8.
cxd5 Qxb3 9. axb3 exd5 10. Nd4 Bg6 11. d3 Be7 12. h3 O-O 13. f4 h6 14. f5 Bh7
15. e4 dxe4 16. dxe4 Bd6 17. g4 Rfe8 18. Be3 Nc5 19. e5 Bxe5 20. Nxc6 Nxb3 21.
Nxe5 Nxa1 22. Rxa1 Rxe5 23. Bd4 Re7 24. Bxf6 gxf6 25. Kf2 Kg7 26. Be4 a6 27.
Kf3 Rd8 28. Nd5 Red7 29. Rd1 a5 30. Ke3 b5 31. Rd3 b4 32. Kd4 Rc8 33. Rd1 Rb8
34. Ra1 Ra7 35. Kc5 Re8 36. Kb6 Rd7 37. Bf3 Rdd8 38. Rxa5 Rb8+ 39. Kc7 Rec8+
40. Kd7 Rc2 41. Ra6 Rxb2 42. Nxf6 b3 43. Nh5+ Kf8 44. Kc7 Re8 45. Nf6 Rc2+ 46.
Kd7 Re7+ 47. Kd6 Rd2+ 48. Bd5 Bxf5 49. gxf5 Re1 50. Ra8+ Kg7 51. Nh5+ Kh7 52.
Ra7 Rxd5+ 53. Kxd5 b2 54. Rxf7+ Kg8 55. Rb7 b1=Q 56. Rxb1 Rxb1 57. Ke6 Kf8 58.
Ke5 Kf7 59. Nf4 Rb5+ 60. Nd5 Ra5 61. Ke4 Ra3 62. Ne3 Kf6 63. Nd5+ Kg5 64. h4+
Kxh4 65. f6 Kg5 66. f7 Ra8 67. Nc7 Rc8 68. Ne6+ 1/2-1/2

[Event "41. Torneo de Ajedrez Villa de Mislata"]
[Site "Mislata ESP"]
[Date "2007.08.30"]
[Round "9.20"]
[White "Pavia Miralles, Jose Manuel"]
[Black "Arance Gonzalez, Luis"]
[Result "1-0"]
[WhiteElo "2258"]
[BlackElo "2123"]
[PlyCount "85"]
[EventDate "2007.08.23"]
[EventType "swiss"]
[EventRounds "9"]
[EventCountry "ESP"]
[Source "lmi"]
[SourceDate "2007.08.23"]

1. d4 Nf6 2. Nf3 d5 3. g3 g6 4. Bg2 Bg7 5. O-O O-O 6. c4 c6 7. Nc3 a6 8. Ne5
Nbd7 9. Nxd7 Qxd7 10. c5 Qe8 11. Re1 Bf5 12. Na4 Nd7 13. f3 Qd8 14. e4 Be6 15.
Be3 b5 16. cxb6 Nxb6 17. Nc5 Qc8 18. e5 Bh3 19. b3 Bxg2 20. Kxg2 Nd7 21. Rc1 e6
22. Re2 Qc7 23. Rec2 Rfc8 24. Nd3 Qb7 25. Qd2 Bf8 26. Qa5 Rc7 27. Bd2 Rb8 28.
Kf2 Qc8 29. Qa4 Nb6 30. Qa5 Nd7 31. Bb4 Rb5 32. Qa4 c5 33. Ba5 Rcb7 34. Kg2 Qb8
35. dxc5 Nxe5 36. Nxe5 Qxe5 37. c6 Rb8 38. Bc3 d4 39. Bxd4 Qc7 40. Qxa6 Bd6 41.
Ba7 Rg5 42. Bxb8 Qxb8 43. c7 1-0